000 00680nam a2200157 a 4500
008 120416s1965 ||||||||||||||||| || u
050 _aBD 512 Tei
100 _aTeihard de Chardin, Pierre
245 1 4 _aThe phenomenon of man
260 _aLondon
_bCollins
_c1965
300 _a349p. : ill.
350 _a0.00
650 _aPHILOSOPHY
995 _aANNEX COLLECTION (Main Library)
_D0.00
_e714185
_FCBU-MAIN LIBRARY (Kitwe)
_H1
_I0.00
_jBD 512 Tei
_M1
_UAVAILABLE
_WMay 12, 2006
_y000935
_ZAnnex Low-Usage Collection
995 _aMAIN LIBRARY OPEN ACCESS
_D0.00
_e709775
_FCBU-MAIN LIBRARY (Kitwe)
_H2
_I0.00
_jBD 512 Tei
_M2
_UAVAILABLE
_WMay 12, 2006
_y000934
_ZMain Library Open Access Collection
999 _c81867
_d81867